000 00367nam a2200157Ia 4500
008 230524s9999 xx 000 0 und d
082 _a537
_bKOL
100 _aAlois Koller
245 0 _aKirchhoff's Laws P I 06
250 _a1ST
260 _aNEW DELHI
_bWiley Eastern
_c1989
300 _a59
500 _aQuantity Number: 2
650 _aPhysics
942 _cBK
999 _c15211
_d15211